[Event "11. Open Club Ajedrez Villaverde"]
[Site "Madrid ESP"]
[Date "2009.07.01"]
[Round "3.1"]
[White "Suarez Uriel, Adrian"]
[Black "Gomez Gonzalez, Javier"]
[Result "0-1"]
[WhiteElo "2113"]
[BlackElo "2055"]
[PlyCount "108"]
[EventDate "2009.06.29"]
[EventType "swiss"]
[EventRounds "8"]
[EventCountry "ESP"]
[Source "lmi"]
[SourceDate "2009.06.29"]

1. e4 c5 2. Nf3 d6 3. d4 cxd4 4. Nxd4 Nf6 5. Nc3 Nc6 6. Bc4 e6 7. Be3 Be7 8.
Qe2 a6 9. O-O-O Bd7 10. Bb3 Qc7 11. g4 h5 12. g5 Ng4 13. g6 Na5 14. gxf7+ Kxf7
15. Qf3+ Bf6 16. Bxe6+ Bxe6 17. Nxe6 Kxe6 18. Qf5+ Kf7 19. Nd5 Qc8 20. Qf4 Nc4
21. Bd4 Nge5 22. Rhg1 Rh6 23. Rg3 Ng6 24. Qf3 Nge5 25. Qf4 Ng6 26. Qf3 Nge5 27.
Bxe5 dxe5 28. Nxf6 gxf6 29. Rdg1 Rh7 30. Qd3 Qe6 31. b3 Nd6 32. Qf3 Nb5 33. Qg2
Ke7 34. c3 Rc8 35. Kb2 Re8 36. f3 Rf7 37. Rg8 Qc8 38. c4 Rxg8 39. Qxg8 Qxg8 40.
Rxg8 Nd4 41. Rh8 Nxf3 42. Rxh5 Ng5 43. Rh4 Rh7 44. Rxh7+ Nxh7 45. Kc3 Ke6 46.
b4 f5 47. exf5+ Kxf5 48. b5 Kf4 49. a4 Nf6 50. h4 Kf3 51. c5 e4 52. c6 bxc6 53.
bxc6 e3 54. Kc2 Ne8 0-1

[Event "11. Open Club Ajedrez Villaverde"]
[Site "Madrid ESP"]
[Date "2009.07.01"]
[Round "3.3"]
[White "Pastor Alonso De Prado, Alberto E"]
[Black "Rodriguez Perez, Angel Mariano"]
[Result "1-0"]
[WhiteElo "2145"]
[BlackElo "2027"]
[PlyCount "149"]
[EventDate "2009.06.29"]
[EventType "swiss"]
[EventRounds "8"]
[EventCountry "ESP"]
[Source "lmi"]
[SourceDate "2009.06.29"]

1. e4 d6 2. d4 g6 3. Nf3 Bg7 4. h3 Nf6 5. Nc3 c5 6. d5 O-O 7. Be2 Na6 8. O-O
Nc7 9. a4 Rb8 10. Bf4 a6 11. e5 Nfe8 12. Rb1 b5 13. axb5 Nxb5 14. Bxb5 axb5 15.
b4 c4 16. Re1 Bd7 17. Qd2 dxe5 18. Nxe5 Nd6 19. Ne4 Nxe4 20. Rxe4 Rb7 21. Rbe1
Re8 22. Bh6 Bf6 23. d6 Be6 24. d7 Bxd7 25. Nxf7 Qc7 26. Ng5 Bc6 27. Rf4 Qd7 28.
Qe3 Qd5 29. Qg3 Qd2 30. Re6 Bd7 31. Rexf6 exf6 32. Rxf6 Bc8 33. Qe5 Qe1+ 34.
Qxe1 Rxe1+ 35. Kh2 Re8 36. g4 Rbe7 37. Kg3 Be6 38. c3 Bd5 39. Rd6 Be4 40. Rb6
Rb7 41. Rf6 Bd5 42. Rd6 Bf7 43. f3 Reb8 44. Ne4 Be8 45. Nf6+ Kf7 46. Nxh7 Rb6
47. Rd4 Kg8 48. Ng5 Rf6 49. Ne4 Ra6 50. Bf4 Raa8 51. Be5 Bc6 52. Ng5 Be8 53.
Rd5 Bc6 54. Rd6 Be8 55. h4 Ra2 56. Rd5 Re2 57. Kf4 Bc6 58. Rd6 Rf8+ 59. Kg3
Rxe5 60. Rxg6+ Kh8 61. Rxc6 Re3 62. Rb6 Rxc3 63. Rxb5 Rc8 64. Rb7 Re3 65. h5 c3
66. h6 c2 67. Rh7+ Kg8 68. Rg7+ Kf8 69. Nh7+ Ke8 70. Nf6+ Kf8 71. Rg8+ Kf7 72.
Rxc8 Kxf6 73. h7 Re8 74. Rxc2 Rb8 75. Rh2 1-0

[Event "11. Open Club Ajedrez Villaverde"]
[Site "Madrid ESP"]
[Date "2009.07.01"]
[Round "3.4"]
[White "Gal, Eugen"]
[Black "Ramos Aldoradin, John Paul"]
[Result "0-1"]
[WhiteElo "1985"]
[BlackElo "2121"]
[PlyCount "64"]
[EventDate "2009.06.29"]
[EventType "swiss"]
[EventRounds "8"]
[EventCountry "ESP"]
[Source "lmi"]
[SourceDate "2009.06.29"]

1. e4 e6 2. d4 d5 3. Nc3 Nf6 4. Bg5 Bb4 5. Bd3 dxe4 6. Bxe4 h6 7. Bxf6 gxf6 8.
Nge2 c6 9. O-O Qc7 10. Re1 Nd7 11. Qd3 Kf8 12. Rad1 f5 13. Bf3 Bd6 14. h3 Nf6
15. Na4 Qa5 16. b3 Bd7 17. c4 Rd8 18. Nc5 Bc8 19. b4 Qc7 20. Qc3 Rg8 21. Nd3
Nh7 22. c5 Be7 23. g3 Ng5 24. Bg2 h5 25. h4 Ne4 26. Qc1 Bf6 27. Ndf4 Ke7 28.
Nxh5 Bxh4 29. gxh4 Rg4 30. f3 Rxg2+ 31. Kxg2 Rg8+ 32. Kf1 Qh2 0-1

[Event "11. Open Club Ajedrez Villaverde"]
[Site "Madrid ESP"]
[Date "2009.07.01"]
[Round "3.5"]
[White "Caballero Gallego, Luis"]
[Black "Lopez De Turiso, Jose Angel"]
[Result "0-1"]
[WhiteElo "1923"]
[BlackElo "2093"]
[PlyCount "28"]
[EventDate "2009.06.29"]
[EventType "swiss"]
[EventRounds "8"]
[EventCountry "ESP"]
[Source "lmi"]
[SourceDate "2009.06.29"]

1. e4 e5 2. Nf3 Nc6 3. Bb5 a6 4. Ba4 f5 5. d4 fxe4 6. Nxe5 Qh4 7. Nc3 Bb4 8.
O-O Nf6 9. f3 O-O 10. Bb3+ Kh8 11. fxe4 Nxe5 12. dxe5 Ng4 13. Rxf8+ Bxf8 14. h3
Bc5+ 0-1

[Event "11. Open Club Ajedrez Villaverde"]
[Site "Madrid ESP"]
[Date "2009.07.01"]
[Round "3.6"]
[White "Martinez Miura, Enrique"]
[Black "Paarup, Torsten"]
[Result "0-1"]
[WhiteElo "1735"]
[BlackElo "2063"]
[PlyCount "68"]
[EventDate "2009.06.29"]
[EventType "swiss"]
[EventRounds "8"]
[EventCountry "ESP"]
[Source "lmi"]
[SourceDate "2009.06.29"]

1. e4 c5 2. c4 Nc6 3. Nc3 g6 4. g3 Bg7 5. Bg2 d6 6. Nge2 e6 7. O-O Nge7 8. d3
O-O 9. Be3 Nd4 10. Bxd4 cxd4 11. Nb5 Nc6 12. Na3 Rb8 13. Rb1 a6 14. b4 b5 15.
Qc2 Bd7 16. cxb5 axb5 17. f4 Qb6 18. Qb3 Rfc8 19. Bh3 Ne7 20. g4 Rc7 21. Rbc1
Rbc8 22. Rxc7 Rxc7 23. f5 exf5 24. gxf5 gxf5 25. Bxf5 Nxf5 26. exf5 Bh6 27. Rf3
Be3+ 28. Kf1 Kf8 29. Qb2 Qc6 30. Rxe3 Qh1+ 31. Ng1 dxe3 32. Qf6 Rc1+ 33. Ke2
Qg2+ 34. Kxe3 Qxg1+ 0-1

[Event "11. Open Club Ajedrez Villaverde"]
[Site "Madrid ESP"]
[Date "2009.07.01"]
[Round "3.7"]
[White "Martin Duque, Jesus"]
[Black "Cruz Monzon, Jose"]
[Result "1-0"]
[WhiteElo "1865"]
[BlackElo "2034"]
[PlyCount "61"]
[EventDate "2009.06.29"]
[EventType "swiss"]
[EventRounds "8"]
[EventCountry "ESP"]
[Source "lmi"]
[SourceDate "2009.06.29"]

1. e4 c5 2. Nf3 Nc6 3. d4 cxd4 4. Nxd4 Nf6 5. Nc3 d6 6. f4 Qb6 7. Nb3 e6 8. Qe2
a6 9. Be3 Qc7 10. O-O-O Be7 11. g4 b5 12. g5 Nd7 13. Qf2 Bb7 14. Bd3 Rc8 15.
Kb1 Nb4 16. Rhf1 Nc5 17. Nxc5 dxc5 18. f5 c4 19. Be2 e5 20. a3 a5 21. Bb6 Qc6
22. axb4 Bxb4 23. Nd5 c3 24. b3 Ba3 25. Qg3 Bd6 26. Qd3 a4 27. Qxb5 axb3 28.
Qxb3 O-O 29. Bb5 Rb8 30. Bxc6 Bxc6 31. Nf6+ 1-0

[Event "11. Open Club Ajedrez Villaverde"]
[Site "Madrid ESP"]
[Date "2009.07.01"]
[Round "3.1"]
[White "Hinojar Diez, David"]
[Black "Ruiz Quevedo, Andres"]
[Result "1/2-1/2"]
[WhiteElo "2119"]
[BlackElo "1907"]
[PlyCount "61"]
[EventDate "2009.06.29"]
[EventType "swiss"]
[EventRounds "8"]
[EventCountry "ESP"]
[Source "lmi"]
[SourceDate "2009.06.29"]

1. e4 c5 2. Nf3 d6 3. d4 Nf6 4. Nc3 cxd4 5. Nxd4 a6 6. Be2 e5 7. Nb3 Be6 8. O-O
Nbd7 9. Be3 Be7 10. Kh1 O-O 11. f4 Qc7 12. f5 Bc4 13. Nd2 Bxe2 14. Qxe2 b5 15.
a3 Qb7 16. Qf3 a5 17. Rab1 b4 18. Ne2 d5 19. Ng3 d4 20. Bg5 bxa3 21. bxa3 Qc6
22. Rfc1 Rfb8 23. Bxf6 Nxf6 24. Qd3 Rc8 25. h3 Qc3 26. a4 Ba3 27. Rd1 Bb4 28.
Nf3 Qc7 29. Rb2 Rab8 30. Rdb1 Rb6 31. Ne2 1/2-1/2

[Event "11. Open Club Ajedrez Villaverde"]
[Site "Madrid ESP"]
[Date "2009.07.01"]
[Round "3.1"]
[White "Camarero Izquierdo, Juan C"]
[Black "Vazquez Gonzalez, Jesus"]
[Result "1/2-1/2"]
[WhiteElo "1906"]
[BlackElo "2047"]
[PlyCount "97"]
[EventDate "2009.06.29"]
[EventType "swiss"]
[EventRounds "8"]
[EventCountry "ESP"]
[Source "lmi"]
[SourceDate "2009.06.29"]

1. e4 c5 2. Nf3 g6 3. Bc4 Bg7 4. Nc3 Nc6 5. d3 d6 6. h4 h5 7. Ng5 Ne5 8. Bb5+
Bd7 9. f4 Ng4 10. Bc4 N8h6 11. Qf3 Bd4 12. f5 Ne5 13. Qf4 Nxc4 14. dxc4 gxf5
15. Bd2 e5 16. Qf3 Bxc3 17. Bxc3 f4 18. Qe2 Bg4 19. Nf3 Qe7 20. O-O-O O-O-O 21.
Rd3 f5 22. Rd2 Rhe8 23. Rhd1 fxe4 24. Qxe4 Nf5 25. b4 Ne3 26. bxc5 Bxf3 27.
gxf3 Nxd1 28. cxd6 Nxc3 29. dxe7 Nxe4 30. exd8=Q+ Rxd8 31. Re2 Rd4 32. fxe4 f3
33. Rf2 Rxe4 34. Rxf3 Rxh4 35. Rf5 e4 36. Kd2 Rh2+ 37. Ke3 Rxc2 38. Rc5+ Kd7
39. Kxe4 h4 40. a4 b6 41. Rd5+ Kc6 42. Kd3 Ra2 43. Rh5 Ra3+ 44. Kd4 h3 45. Rh6+
Kb7 46. Rh7+ Ka6 47. Rh5 Rxa4 48. Rxh3 b5 49. Rc3 1/2-1/2

[Event "11. Open Club Ajedrez Villaverde"]
[Site "Madrid ESP"]
[Date "2009.07.01"]
[Round "3.1"]
[White "Sotoca Aguado, Jose"]
[Black "Nieto Esteban, Manuel"]
[Result "1-0"]
[WhiteElo "2038"]
[BlackElo "1825"]
[PlyCount "41"]
[EventDate "2009.06.29"]
[EventType "swiss"]
[EventRounds "8"]
[EventCountry "ESP"]
[Source "lmi"]
[SourceDate "2009.06.29"]

1. e4 c6 2. d4 d5 3. Nc3 dxe4 4. Nxe4 Nd7 5. Bc4 Ngf6 6. Ng5 e6 7. N1f3 Nb6 8.
Bb3 Be7 9. O-O O-O 10. Qe2 Qc7 11. Re1 c5 12. c3 c4 13. Bc2 h6 14. Nh3 Bd7 15.
Ne5 Bd6 16. Nf4 Rac8 17. Qf3 Nbd5 18. Nh5 b5 19. Nxf6+ Nxf6 20. Bxh6 gxh6 21.
Qxf6 1-0

[Event "11. Open Club Ajedrez Villaverde"]
[Site "Madrid ESP"]
[Date "2009.07.01"]
[Round "3.1"]
[White "Avendano Mateos, Jose"]
[Black "Cortijo Manso, Luis"]
[Result "1-0"]
[WhiteElo "1889"]
[BlackElo "1696"]
[PlyCount "113"]
[EventDate "2009.06.29"]
[EventType "swiss"]
[EventRounds "8"]
[EventCountry "ESP"]
[Source "lmi"]
[SourceDate "2009.06.29"]

1. c4 Nf6 2. Nc3 c6 3. e4 e5 4. Nf3 d6 5. d4 exd4 6. Nxd4 Nbd7 7. Bd3 Ne5 8.
Be2 Bg4 9. f3 Bd7 10. O-O c5 11. Nc2 Be7 12. Ne3 O-O 13. f4 Nc6 14. Nc2 a6 15.
Be3 Qc8 16. h3 Re8 17. Kh2 Bf8 18. Bf3 Qc7 19. Qd2 Nb4 20. Ne1 b5 21. e5 dxe5
22. Bxa8 Rxa8 23. a3 Nc6 24. cxb5 axb5 25. Nxb5 Qb7 26. Nc3 Na5 27. Qf2 exf4
28. Bxf4 Nc6 29. Nf3 Ne7 30. Bd6 Nf5 31. Be5 Ne4 32. Nxe4 Qxe4 33. Rfe1 Qc6 34.
Rad1 Nd6 35. Qd2 Bxh3 36. Bxd6 Rd8 37. Qf4 Rxd6 38. gxh3 Rxd1 39. Rxd1 h6 40.
Kg2 Qg6+ 41. Qg3 Qc2+ 42. Rd2 Qe4 43. Qg4 Qc6 44. Rc2 Qb5 45. Qe4 Qb6 46. Kf1
Qb5+ 47. Ke1 Qb8 48. Kd1 Qg3 49. h4 Qh3 50. Kc1 Qh1+ 51. Kd2 Qg2+ 52. Qe2 Qg3
53. Kc1 Qf4+ 54. Kb1 Qg4 55. Rc4 Qh3 56. a4 Qf5+ 57. Ka2 1-0

[Event "11. Open Club Ajedrez Villaverde"]
[Site "Madrid ESP"]
[Date "2009.07.01"]
[Round "3.1"]
[White "Benito Mellado, Humberto"]
[Black "Tevar Sanz, Gonzalo"]
[Result "0-1"]
[WhiteElo "1652"]
[BlackElo "1845"]
[PlyCount "78"]
[EventDate "2009.06.29"]
[EventType "swiss"]
[EventRounds "8"]
[EventCountry "ESP"]
[Source "lmi"]
[SourceDate "2009.06.29"]

1. d4 Nf6 2. c4 c5 3. d5 b5 4. cxb5 a6 5. bxa6 Bxa6 6. g3 d6 7. Bg2 g6 8. Nc3
Bg7 9. Nf3 Nbd7 10. O-O Nb6 11. Re1 O-O 12. Ng5 Nc4 13. b3 Ng4 14. Qc2 Qa5 15.
bxc4 Qxc3 16. Qxc3 Bxc3 17. Bf4 Bxe1 18. Rxe1 Bxc4 19. h3 Nf6 20. e4 Rxa2 21.
Rc1 Bb3 22. Rc3 c4 23. e5 dxe5 24. Bxe5 Nd7 25. Bd4 Rd2 26. Nf3 Rd3 27. Rc1
Rd1+ 28. Rxd1 Bxd1 29. Bc3 Rb8 30. Nd4 Rb1 31. Kh2 Nc5 32. Nc6 Kf8 33. Bb4 Rxb4
34. Nxb4 c3 35. Na2 c2 36. Nc1 Ke8 37. Kg1 Na4 38. f4 Nc3 39. Kf2 Ne2 0-1

[Event "11. Open Club Ajedrez Villaverde"]
[Site "Madrid ESP"]
[Date "2009.07.01"]
[Round "3.1"]
[White "Garcia-Ines Sanchez, Gustavo"]
[Black "Zuazua Conde, Ivan Javier"]
[Result "1-0"]
[WhiteElo "1791"]
[BlackElo "1421"]
[PlyCount "81"]
[EventDate "2009.06.29"]
[EventType "swiss"]
[EventRounds "8"]
[EventCountry "ESP"]
[Source "lmi"]
[SourceDate "2009.06.29"]

1. e4 e5 2. Nf3 Nc6 3. Bb5 a6 4. Ba4 Nf6 5. O-O Be7 6. c3 b5 7. Bb3 d6 8. d4
O-O 9. Nbd2 Bg4 10. h3 Bh5 11. d5 Na5 12. Bc2 Re8 13. Re1 c5 14. Nf1 Bxf3 15.
Qxf3 g6 16. Bg5 Nh5 17. Bxe7 Qxe7 18. Nh2 Nf4 19. Bd1 Rf8 20. Kh1 f5 21. g4
fxe4 22. Rxe4 Nxd5 23. Qg3 Qf6 24. f3 Nc4 25. Bb3 Ncb6 26. Rf1 c4 27. g5 Qe7
28. Bc2 Nf4 29. h4 Nh5 30. Qg4 Rf4 31. Qg1 Nd5 32. Ng4 Qa7 33. Qg2 Raf8 34. Kh2
Qc7 35. Qh3 Rxe4 36. Nh6+ Kg7 37. fxe4 Rxf1 38. Qxf1 Ne3 39. Qh3 Nxc2 40. Qe6
Ne3 41. Qg8# 1-0

[Event "11. Open Club Ajedrez Villaverde"]
[Site "Madrid ESP"]
[Date "2009.07.02"]
[Round "4.1"]
[White "Gomez Gonzalez, Javier"]
[Black "Nieto De La Cruz, Julio"]
[Result "1/2-1/2"]
[WhiteElo "2055"]
[BlackElo "2070"]
[PlyCount "82"]
[EventDate "2009.06.29"]
[EventType "swiss"]
[EventRounds "8"]
[EventCountry "ESP"]
[Source "lmi"]
[SourceDate "2009.06.29"]

1. e4 c5 2. Nf3 d6 3. d4 Nf6 4. Nc3 cxd4 5. Nxd4 g6 6. Be2 Bg7 7. Be3 O-O 8.
O-O Nc6 9. h3 d5 10. exd5 Nxd5 11. Nxd5 Nxd4 12. Bxd4 Qxd5 13. Bxg7 Qxd1 14.
Rfxd1 Kxg7 15. Bf3 Rb8 16. Rd2 b5 17. Re1 Kf6 18. Re3 a5 19. g4 Be6 20. a3 Rfc8
21. Kg2 Rc5 22. Be4 Rbc8 23. Kg3 Re5 24. h4 h6 25. f4 Rec5 26. Bd3 g5 27. f5
Bd5 28. Rh2 Bc4 29. Be4 Re5 30. Kf3 b4 31. axb4 axb4 32. hxg5+ hxg5 33. Rh6+
Kg7 34. Rc6 Rxc6 35. Bxc6 Rc5 36. Be4 Kf6 37. Re1 Ra5 38. b3 Ba6 39. Rd1 e6 40.
Rd4 Rb5 41. Bd3 Bb7+ 1/2-1/2

[Event "11. Open Club Ajedrez Villaverde"]
[Site "Madrid ESP"]
[Date "2009.07.02"]
[Round "4.1"]
[White "Paarup, Torsten"]
[Black "Pastor Alonso De Prado, Alberto E"]
[Result "0-1"]
[WhiteElo "2063"]
[BlackElo "2145"]
[PlyCount "110"]
[EventDate "2009.06.29"]
[EventType "swiss"]
[EventRounds "8"]
[EventCountry "ESP"]
[Source "lmi"]
[SourceDate "2009.06.29"]

1. d4 d5 2. c4 e6 3. Nf3 Nf6 4. g3 Be7 5. Bg2 O-O 6. O-O c6 7. b3 a5 8. Bb2 Qb6
9. Qc2 a4 10. Nbd2 a3 11. Bc3 Qa6 12. Rfe1 Nbd7 13. Rad1 b6 14. Ne5 Nxe5 15.
dxe5 Nd7 16. e4 dxc4 17. Nxc4 Qa7 18. Kh1 Ba6 19. Nd6 Qc7 20. Bh3 Rfd8 21. f4
Nf8 22. Qf2 c5 23. f5 Bxd6 24. exd6 Qc6 25. Qf4 exf5 26. Bxf5 Ng6 27. Qd2 Ra7
28. h4 Bc8 29. Bxc8 Qxc8 30. Kh2 Qe6 31. h5 Ne5 32. Qf4 f6 33. Bxe5 fxe5 34.
Qf5 Rxd6 35. Rxd6 Qxd6 36. Qc8+ Qf8 37. Qe6+ Kh8 38. Qxe5 h6 39. Rd1 Re7 40.
Qd5 Qe8 41. Rf1 Rxe4 42. Rf8+ Qxf8 43. Qxe4 b5 44. Qd5 Qc8 45. Qf3 c4 46. bxc4
bxc4 47. Qc3 Qc5 48. g4 Kg8 49. Qf3 Qd6+ 50. Kg1 Qd3 51. Qa8+ Kh7 52. Qa6 Qb1+
53. Kf2 Qxa2+ 54. Ke3 Qb3+ 55. Kf4 Qd3 0-1

[Event "11. Open Club Ajedrez Villaverde"]
[Site "Madrid ESP"]
[Date "2009.07.02"]
[Round "4.1"]
[White "Ramos Aldoradin, John Paul"]
[Black "Sanchez Alvarez, Jorge"]
[Result "1-0"]
[WhiteElo "2121"]
[BlackElo "2005"]
[PlyCount "75"]
[EventDate "2009.06.29"]
[EventType "swiss"]
[EventRounds "8"]
[EventCountry "ESP"]
[Source "lmi"]
[SourceDate "2009.06.29"]

1. e4 e5 2. Nf3 Nc6 3. Bc4 Bc5 4. c3 Nf6 5. d3 d6 6. Bb3 O-O 7. h3 h6 8. g4 d5
9. Qe2 Be6 10. Nbd2 dxe4 11. dxe4 Bxb3 12. axb3 Qe7 13. b4 Bb6 14. Nc4 a6 15.
g5 hxg5 16. Bxg5 Qe6 17. Rg1 Nh7 18. O-O-O Nxg5 19. Nxg5 Qh6 20. Kb1 Rad8 21.
Rde1 Rd7 22. Rg3 f6 23. Nf3 Nd8 24. Nxb6 cxb6 25. Qc4+ Kh8 26. Rg4 g5 27. h4
Rg7 28. hxg5 fxg5 29. Nxe5 Rxf2 30. Rgg1 Qe6 31. Qd4 Rf8 32. Rxg5 Rxg5 33. Nf7+
Kg8 34. Nxg5 Qf6 35. Qd5+ Kh8 36. Rh1+ Kg7 37. Qd7+ Kg6 38. Nh7 1-0

[Event "11. Open Club Ajedrez Villaverde"]
[Site "Madrid ESP"]
[Date "2009.07.02"]
[Round "4.1"]
[White "Lopez De Turiso, Jose Angel"]
[Black "Martin Duque, Jesus"]
[Result "1-0"]
[WhiteElo "2093"]
[BlackElo "1865"]
[PlyCount "83"]
[EventDate "2009.06.29"]
[EventType "swiss"]
[EventRounds "8"]
[EventCountry "ESP"]
[Source "lmi"]
[SourceDate "2009.06.29"]

1. d4 d5 2. c4 e6 3. Nc3 Nf6 4. cxd5 exd5 5. Bg5 Be7 6. e3 c6 7. Bd3 O-O 8. Qc2
Nbd7 9. Nge2 Re8 10. O-O-O b5 11. g4 Nf8 12. h3 a5 13. Ng3 a4 14. Nf5 Bxf5 15.
Bxf5 Qa5 16. Ne2 b4 17. Qd2 c5 18. dxc5 Qxc5+ 19. Kb1 Ne4 20. Bxe4 dxe4 21.
Bxe7 Qxe7 22. Qd6 Qh4 23. Ng3 b3 24. a3 Ng6 25. Qd4 Qe7 26. Nf5 Qe5 27. Rd2
Rad8 28. Qxe5 Nxe5 29. Rhd1 Rxd2 30. Rxd2 Nd3 31. Nd6 Rf8 32. Nxe4 Ne5 33. Nc5
Nf3 34. Rd5 Ng1 35. Nxa4 Nxh3 36. Rd2 g6 37. Nc5 Rb8 38. f4 Ng1 39. Rd3 Nf3 40.
g5 f6 41. Nd7 Rc8 42. Nxf6+ 1-0

[Event "11. Open Club Ajedrez Villaverde"]
[Site "Madrid ESP"]
[Date "2009.07.02"]
[Round "4.1"]
[White "Ramirez Garcia, Jorge Alberto"]
[Black "Gutierrez Ramirez, Bruno"]
[Result "1-0"]
[WhiteElo "2224"]
[BlackElo "2002"]
[PlyCount "77"]
[EventDate "2009.06.29"]
[EventType "swiss"]
[EventRounds "8"]
[EventCountry "ESP"]
[Source "lmi"]
[SourceDate "2009.06.29"]

1. e4 c5 2. Nf3 d6 3. d4 cxd4 4. Nxd4 g6 5. Bb5+ Bd7 6. Bxd7+ Nxd7 7. c4 Bg7 8.
Be3 Rc8 9. b3 Nc5 10. f3 Qa5+ 11. Qd2 Qxd2+ 12. Kxd2 Ne6 13. Kd3 a6 14. g3 Nc5+
15. Ke2 e5 16. Nc2 f5 17. Nc3 fxe4 18. fxe4 Nf6 19. Bxc5 dxc5 20. Rad1 O-O 21.
Ne3 Kh8 22. Rhf1 Bh6 23. Rxf6 Rxf6 24. Ng4 Bg5 25. Nxf6 Bxf6 26. Rd7 b5 27.
cxb5 axb5 28. Nxb5 c4 29. Rc7 Ra8 30. Ra7 Rxa7 31. Nxa7 cxb3 32. axb3 Kg8 33.
Kd3 g5 34. g4 Kf7 35. Kc4 Ke6 36. Kc5 Be7+ 37. Kc6 Ba3 38. Nb5 Bb4 39. Nc7+ 1-0

[Event "11. Open Club Ajedrez Villaverde"]
[Site "Madrid ESP"]
[Date "2009.07.02"]
[Round "4.1"]
[White "Ramos Del Campo, Alexander"]
[Black "Hinojar Diez, David"]
[Result "0-1"]
[WhiteElo "1918"]
[BlackElo "2119"]
[PlyCount "84"]
[EventDate "2009.06.29"]
[EventType "swiss"]
[EventRounds "8"]
[EventCountry "ESP"]
[Source "lmi"]
[SourceDate "2009.06.29"]

1. e4 c5 2. Nf3 d6 3. d4 cxd4 4. Nxd4 Nf6 5. Nc3 a6 6. Bg5 e6 7. f4 Be7 8. Qf3
Qc7 9. O-O-O b5 10. Bd3 Bb7 11. Kb1 Nbd7 12. Nce2 Nc5 13. Bxf6 Bxf6 14. g4
O-O-O 15. g5 Be7 16. Ng3 g6 17. Rhe1 d5 18. e5 Na4 19. Bf1 Kb8 20. h4 h5 21.
Bg2 Rc8 22. Re2 Qa5 23. Nb3 Qb6 24. Red2 Rc4 25. Ne2 Rhc8 26. Ned4 Nc5 27. Nxc5
Bxc5 28. Nb3 Be3 29. Re2 Bc5 30. Rde1 Bb4 31. c3 Be7 32. Nd2 R4c7 33. f5 d4 34.
Qf2 Bxg2 35. f6 Bf8 36. Qxg2 dxc3 37. bxc3 Rxc3 38. Nb3 Ba3 39. Rd2 Qc7 40. Qf1
Rc2 41. Re3 a5 42. Re1 b4 0-1

[Event "11. Open Club Ajedrez Villaverde"]
[Site "Madrid ESP"]
[Date "2009.07.02"]
[Round "4.1"]
[White "Vazquez Gonzalez, Jesus"]
[Black "Avendano Mateos, Jose"]
[Result "1-0"]
[WhiteElo "2047"]
[BlackElo "1889"]
[PlyCount "49"]
[EventDate "2009.06.29"]
[EventType "swiss"]
[EventRounds "8"]
[EventCountry "ESP"]
[Source "lmi"]
[SourceDate "2009.06.29"]

1. b3 d5 2. Bb2 Nf6 3. e3 Bf5 4. Ne2 Nbd7 5. Ng3 Bg6 6. f4 e6 7. d3 h5 8. h4
Ng4 9. Qf3 f5 10. e4 c6 11. Nd2 Qa5 12. a3 O-O-O 13. b4 Qb6 14. c4 Ndf6 15.
cxd5 cxd5 16. e5 Nd7 17. Ne2 Qe3 18. Bd4 Qxf3 19. Nxf3 b6 20. Ng5 Re8 21. Nc3
Nh6 22. Rc1 Kb8 23. Nb5 Nf7 24. Nc7 Nxg5 25. Nxe8 1-0

[Event "11. Open Club Ajedrez Villaverde"]
[Site "Madrid ESP"]
[Date "2009.07.02"]
[Round "4.1"]
[White "Sanchez Millan, Eduardo"]
[Black "Sotoca Aguado, Jose"]
[Result "1-0"]
[WhiteElo "1914"]
[BlackElo "2038"]
[PlyCount "82"]
[EventDate "2009.06.29"]
[EventType "swiss"]
[EventRounds "8"]
[EventCountry "ESP"]
[Source "lmi"]
[SourceDate "2009.06.29"]

1. d4 d5 2. c4 e6 3. Nc3 Nf6 4. Nf3 c6 5. g3 Nbd7 6. Bg2 Be7 7. O-O O-O 8. cxd5
exd5 9. Qc2 Re8 10. Rd1 Nf8 11. Ne5 Bd6 12. e4 dxe4 13. Nxe4 Nxe4 14. Bxe4 Qe7
15. Re1 Be6 16. Bd2 Rad8 17. Bc3 f6 18. Nxc6 bxc6 19. Bxc6 Qf7 20. Bxe8 Rxe8
21. Qa4 Qd7 22. Qxd7 Bxd7 23. Rxe8 Bxe8 24. b4 Bc6 25. d5 Ba4 26. a3 Kf7 27.
Bd4 a6 28. Rc1 Nd7 29. Rc8 Be5 30. Bc5 Bb2 31. Ra8 Bb5 32. a4 Bc4 33. Rd8 Ne5
34. f4 Nd3 35. Rf8+ Kg6 36. d6 Be6 37. Be3 Nxb4 38. Re8 Bf5 39. Rb8 Bc3 40. Rb7
Nd5 41. Kf2 Be1+ 1-0

[Event "11. Open Club Ajedrez Villaverde"]
[Site "Madrid ESP"]
[Date "2009.07.02"]
[Round "4.1"]
[White "Cruz Monzon, Jose"]
[Black "Camarero Izquierdo, Juan C"]
[Result "1-0"]
[WhiteElo "2034"]
[BlackElo "1906"]
[PlyCount "55"]
[EventDate "2009.06.29"]
[EventType "swiss"]
[EventRounds "8"]
[EventCountry "ESP"]
[Source "lmi"]
[SourceDate "2009.06.29"]

1. d4 Nf6 2. c4 g6 3. Nc3 Bg7 4. e4 d6 5. f4 O-O 6. Nf3 a5 7. Bd3 Nc6 8. d5 Nb4
9. Bb1 Ng4 10. h3 Nf6 11. O-O c6 12. Be3 Nh5 13. Qe1 a4 14. a3 Bxc3 15. Qxc3
Na6 16. f5 Nc5 17. Bh6 Re8 18. fxg6 hxg6 19. g4 Nf6 20. e5 dxe5 21. Nxe5 cxd5
22. cxd5 Nb3 23. Bxg6 fxg6 24. Qd3 Bf5 25. Rxf5 Qxd5 26. Qxd5+ Nxd5 27. Rf7 Rf8
28. Rg7+ 1-0

[Event "11. Open Club Ajedrez Villaverde"]
[Site "Madrid ESP"]
[Date "2009.07.02"]
[Round "4.1"]
[White "Tevar Sanz, Gonzalo"]
[Black "Serrano Pozo, Fermin"]
[Result "0-1"]
[WhiteElo "1845"]
[BlackElo "1940"]
[PlyCount "74"]
[EventDate "2009.06.29"]
[EventType "swiss"]
[EventRounds "8"]
[EventCountry "ESP"]
[Source "lmi"]
[SourceDate "2009.06.29"]

1. d4 d5 2. Nf3 Nf6 3. Bf4 c5 4. c3 Qb6 5. Qb3 c4 6. Qc2 Nc6 7. Nbd2 Bg4 8. h3
Bh5 9. Nh4 h6 10. Be5 Nxe5 11. dxe5 Nd7 12. O-O-O g5 13. g4 gxh4 14. gxh5 Nxe5
15. f4 Nd7 16. Bg2 e6 17. f5 Rg8 18. fxe6 Qxe6 19. Bf3 f5 20. Nxc4 dxc4 21.
Bxb7 Rb8 22. Bd5 Qe3+ 23. Kb1 Rg3 24. Bc6 Ba3 25. Rxd7 Qb6 26. Ba4 Qxb2+ 27.
Qxb2 Rxb2+ 28. Ka1 Kf8 29. Rxa7 Rxc3 30. Rd1 Rd2 31. Rb1 Bd6 32. Ra8+ Ke7 33.
Rb7+ Kf6 34. Ra6 Ke5 35. Rbb6 Kf4 36. Kb1 Ba3 37. Ka1 Rc1+ 0-1

[Event "11. Open Club Ajedrez Villaverde"]
[Site "Madrid ESP"]
[Date "2009.07.06"]
[Round "5.1"]
[White "Pastor Alonso De Prado, Alberto E"]
[Black "Lopez De Turiso, Jose Angel"]
[Result "0-1"]
[WhiteElo "2145"]
[BlackElo "2093"]
[PlyCount "46"]
[EventDate "2009.06.29"]
[EventType "swiss"]
[EventRounds "8"]
[EventCountry "ESP"]
[Source "lmi"]
[SourceDate "2009.06.29"]

1. e4 e5 2. Nf3 f5 3. Nxe5 Nc6 4. Nxc6 dxc6 5. Nc3 Bc5 6. Qe2 Qe7 7. d3 Nf6 8.
exf5 Bxf5 9. Qxe7+ Kxe7 10. Be2 Rae8 11. Be3 Bd6 12. O-O Kd7 13. a4 a6 14. Rfe1
Ng4 15. Bxg4 Bxg4 16. Bd4 Rhg8 17. Rxe8 Kxe8 18. Ne4 Kf7 19. g3 Re8 20. Kg2 Be5
21. Bxe5 Rxe5 22. Re1 h6 23. f3 Bc8 0-1